Statistics for 平壌地下鉄の駅

Click here to take the quiz!

General Stats

  • This quiz has been taken 48 times
  • The average score is 4 of 16

Answer Stats

路線名% Correct
千里馬線승리
68%
革新線혁신
46%
千里馬線전우
43%
千里馬線영광
36%
革新線전승
36%
千里馬線개선
29%
千里馬線붉은별
29%
革新線광복
25%
千里馬線통일
21%
千里馬線부흥
14%
革新線건국
14%
革新線건설
14%
革新線락원
14%
千里馬線봉화
7%
革新線황금벌
7%
革新線삼흥
7%

Score Distribution

Percentile by Number Answered

Percent of People with Each Score

Your Score History

You have not taken this quiz